LEADER 01412nam a2200289 u 4500 001 000000069048 003 CaOOAMICUS 005 20070226121851.0 008 020404s1988 dcu u000 u eng u 035 $a10925541 040 $aPUL(R)$bita 100 1 $aEuart, Sharon Ann.$0(OLS)http://pul/name/45897 245 10$aChurch-state implications in the United States of canon 812 of the 1983 code of canon law /$cSharon Ann Euart. 260 $aWashington, D. C. :$b[s.n.],$c1988. 300 $a322 p. ;$c21 cm 490 1 $aCanon law studies (Catholic University of America) ;$v526 502 $aDiss. (doct.) --The catholic University of America. Canon law studies. n. 526. 1988 504 $aBibliografia p. 305-322. 533 $aXerografia.$bAnn Arbor :$cUniversity Microfilms International,$d1991$e21 cm. 650 4$aChiesa e stato.$0(OLS)http://pul/subject/960 830 0$aCanon law studies (Catholic University of America) ;$v526.$0(OLS)http://pul/title/10927 850 $aPUL 852 $aPUL$W1$xDP1 Tesi Univ. Washington$y50$mTH WAS 526$j89267$nBK-PRI$b $qTesi$B89267$CPULBib$Z2$F89267 $H67726 $81 941 1 $a16 960 $aStato e Chiesa$9960 996 $6245$aChurch-state implications in the United States of canon 812 of the 1983 code of canon law$9(OLS)http://pul/title/91221 996 $6260$aWashington, D. C. :$b[s.n.]$9(OLS)http://pul/publisher/72430 LEADER 00947nam a2200253 a 4500 001 000000167363 003 CaOOAMICUS 005 20180424150710.0 008 180424s1972 it u000 u ita r 032 $aLibriCat 040 $aPUL$bita 245 03$aIl libro di Giobbe / $ca cura di Guido Ceronetti . 260 $aMilano :$bAdelphi,$cİ1967. 300 $a274 p. ;$c22 cm. 490 1 $aBiblioteca Adelphi ;$v41 630 04$aBiblia.$pV.T.$pIob.$0(OLS)http://pul/subject/17240 700 1 $aCeronetti, Guido.$0(OLS)http://pul/name/40836 830 0$aBiblioteca Adelphi ;$v41.$0(OLS)http://pul/title/22168 850 $aPUL 852 $aPUL$W1$xDP1 Fondo Dalla Palma$y117$m3 A 16$j41896$qFondi$B194927$CPULBib$Z2$F194927 $HDal2062 $81 941 1 $a1 996 $6245$aIl libro di Giobbe / $9(OLS)http://pul/title/207378 996 $6260$aMilano :$bAdelphi$9(OLS)http://pul/publisher/51018